Property information forms will make transactions more straightfoward (Record no. 84475)

MARC details
000 -LEADER
fixed length control field 00694cab a22001815a 4500
001 - CONTROL NUMBER
control field L157841
008 - FIXED-LENGTH DATA ELEMENTS--GENERAL INFORMATION
fixed length control field 130531e20130528xxk 000 0 eng d
035 ## - SYSTEM CONTROL NUMBER
System control number (Sirsi) u157841
041 0# - LANGUAGE CODE
Language code of text/sound track or separate title Smithers, Jonathan
245 00 - TITLE STATEMENT
Title Property information forms will make transactions more straightfoward
260 ## - PUBLICATION, DISTRIBUTION, ETC.
Date of publication, distribution, etc. 2013
490 ## - SERIES STATEMENT
Series statement Solicitors Journal
Volume/sequential designation 157(21) 28 May 2013, 14-15(2)
520 ## - SUMMARY, ETC.
Summary, etc. Considers how the new Law Society Property Information Form (TA6) and Fittings and Contents Form (TA10) will simplify the property purchase process and pre-empt spurious and unnecessary enquries.
590 ## - LOCAL NOTE (RLIN)
Local note KA
651 #4 - SUBJECT ADDED ENTRY--GEOGRAPHIC NAME
Geographic name England and Wales
690 ## - LOCAL SUBJECT ADDED ENTRY--TOPICAL TERM (OCLC, RLIN)
Topical term or geographic name as entry element Residential property
9 (RLIN) 6266
942 ## - ADDED ENTRY ELEMENTS (KOHA)
Suppress in OPAC 0
Holdings
Withdrawn status Lost status Source of classification or shelving scheme Damaged status Not for loan Home library Current library Shelving location Date acquired Total Checkouts Full call number Barcode Date last seen Copy number Price effective from Koha item type
    Dewey Decimal Classification     London London Journal article 31/05/2013   L157841 157841-1001 06/08/2019 1 06/08/2019 Journal article